000 00709cam a2200253 4500500
005 20260329004751.0
041 _afre
042 _adc
100 1 0 _aLacroix, Alexandre
_eauthor
245 0 0 _aVincent Descombes. Toi, toi, mon moi
260 _c2021.
500 _a43
690 _aAmartya Sen
690 _aCrise
690 _aDavid Hume
690 _aHume
690 _aIdentité
690 _aJohn Locke
690 _aLocke
690 _aMulticulturalisme
690 _aVincent Descombes
786 0 _nPhilosophie magazine | 147 | 3 | 2021-03-01 | p. 38-41 | 1951-1787
856 4 1 _uhttps://shs.cairn.info/magazine-philosophie-magazine-2021-3-page-38?lang=fr&redirect-ssocas=7080
999 _c1837102
_d1837102